Služby pre podnikateľskú sféru Business Services
Enregistré dans:
| Auteur principal: | |
|---|---|
| Format: | Livre |
| Langue: | slovaque |
| Publié: |
Bratislava
Eurounion
1996
|
| Édition: | 1. vyd. |
| Collection: | Ekonomické a právne minimum podnikateľa
|
| Sujets: | |
| Tags: |
Pas de tags, Soyez le premier à ajouter un tag!
|
MARC
| LEADER | 00000nam a2200000 4500 | ||
|---|---|---|---|
| 001 | c016821 | ||
| 005 | 20221214071815.7 | ||
| 020 | |a 80-85568-57-8 | ||
| 041 | 0 | |a slo | |
| 044 | |a SK | ||
| 245 | 1 | 0 | |a Služby pre podnikateľskú sféru |b Business Services |c Valéria Michalová |
| 250 | |a 1. vyd. | ||
| 264 | 1 | |a Bratislava |b Eurounion |c 1996 | |
| 300 | |a 119 s. | ||
| 490 | 1 | |a Ekonomické a právne minimum podnikateľa | |
| 830 | 0 | |a Ekonomické a právne minimum podnikateľa | |
| 610 | 2 | 0 | |a služby |
| 610 | 2 | 0 | |a podnikanie |
| 610 | 2 | 0 | |a poradenstvo |
| 100 | 1 | |a Michalová, Valéria | |